Statistics for Arctic Monkeys Lyrics - Do Me A Favour

Click here to take the quiz!

General Stats

  • This quiz has been taken 113 times
    (72 since last reset)
  • The average score is 185 of 214

Answer Stats

Lyrics% Correct
The
98%
the
98%
a
96%
Do
96%
do
96%
"Do
96%
favour
96%
I
96%
me
96%
tear
96%
And
95%
and
95%
as
95%
As
95%
ask
95%
Ask
95%
if
95%
stop
95%
be
93%
kind
93%
of
93%
she
93%
She
93%
that
93%
To
93%
to
93%
Too
93%
too
93%
you
93%
off"
91%
was
91%
your
91%
help
89%
need
89%
on
89%
Perhaps
89%
said,
89%
tears
89%
apart
87%
apart,
87%
away
87%
away,
87%
cried
87%
"f***
87%
flattering
87%
might
87%
seat
87%
see
87%
some
87%
were
87%
wheel
87%
all
85%
my
85%
steering
85%
there
85%
yourself"
85%
complete
84%
could
84%
dripping
84%
eyes
84%
go
84%
her
84%
hours
84%
in
84%
several
84%
Several
84%
shoes
84%
tell
84%
walked
84%
well,
84%
Well,
84%
When
84%
break
82%
hold,
82%
hold
82%
Or
82%
or
82%
smile
82%
untied
82%
watched
82%
weeks
82%
asking
80%
bleak
80%
goodbye
80%
heavy
80%
inside
80%
nose
80%
questions
80%
red,
80%
till
80%
waited
80%
waving
80%
we'd
80%
becomes
78%
it
78%
Curiosity
76%
equally
76%
Forcing
76%
have
76%
times
76%
beginning
75%
end
75%
heart
75%
it's
75%
It's
75%
say
75%
they're
75%
went
75%
fall
73%
force
73%
load
73%
up
73%
anyone,
71%
around
71%
cold
71%
start
71%
these
71%
they'll
71%
car
69%
I'd
69%
mourning
69%
will
69%
cheek
67%
disappeared
67%
bend
65%
hill
64%
tends
64%
bind
62%
half,
56%
ties
56%

Score Distribution

Percentile by Number Answered

Percent of People with Each Score

Your Score History

You have not taken this quiz since the last reset